Miasta Polskie na Literę B - Statystyki

Ogólne statystyki
  • Ten quiz został rozwiązany 339 razy
    31 od ostatniego zresetowania
  • Średni wynik to 26 z 80
Statystyki odpowiedzi
Województwo Miasto % Poprawnych
śląskie Bielsko-Biała
88%
kujawsko-pomorskie Bydgoszcz
83%
opolskie Biała
79%
podlaskie Białystok
79%
lubelskie Biała Podlaska
71%
dolnośląskie Bolesławiec
71%
łódzkie Bolesławiec
71%
śląskie Bytom
71%
śląskie Będzin
58%
podlaskie Bielsk Podlaski
58%
łódzkie Bełchatów
54%
dolnośląskie Bogatynia
50%
dolnośląskie Bolków
50%
opolskie Brzeg
50%
świętokrzyskie Busko-Zdrój
50%
pomorskie Bytów
50%
warmińsko-mazurskie Bartoszyce
46%
warmińsko-mazurskie Braniewo
46%
zachodniopomorskie Białogard
42%
lubelskie Biłgoraj
42%
małopolskie Bochnia
42%
kujawsko-pomorskie Brodnica
42%
dolnośląskie Brzeg Dolny
42%
małopolskie Brzesko
42%
warmińsko-mazurskie Biała Piska
38%
podkarpackie Brzozów
38%
wielkopolskie Buk
38%
dolnośląskie Bardo
33%
łódzkie Biała Rawska
33%
mazowieckie Białobrzegi
33%
zachodniopomorskie Barlinek
29%
małopolskie Biecz
29%
dolnośląskie Bielawa
29%
śląskie Bieruń
29%
dolnośląskie Boguszów-Gorce
29%
kujawsko-pomorskie Brześć Kujawski
29%
małopolskie Brzeszcze
29%
łódzkie Brzeziny
29%
dolnośląskie Bystrzyca Kłodzka
29%
lubuskie Babimost
25%
warmińsko-mazurskie Barczewo
25%
dolnośląskie Bierutów
25%
podkarpackie Bircza
25%
warmińsko-mazurskie Bisztynek
25%
małopolskie Bobowa
25%
kujawsko-pomorskie Bobrowniki
25%
świętokrzyskie Bodzentyn
25%
podkarpackie Boguchwała
25%
małopolskie Bukowno
25%
opolskie Baborów
21%
podkarpackie Baranów Sandomierski
21%
kujawsko-pomorskie Barcin
21%
warmińsko-mazurskie Biskupiec
21%
śląskie Blachownia
21%
mazowieckie Bodzanów
21%
wielkopolskie Bojanowo
21%
lubuskie Brody
21%
pomorskie Brusy
21%
mazowieckie Brwinów
21%
lubelskie Bychawa
21%
opolskie Byczyna
21%
lubuskie Bytom Odrzański
21%
lubelskie Bełżyce
17%
mazowieckie Bieżuń
17%
łódzkie Błaszki
17%
podkarpackie Błażowa
17%
świętokrzyskie Bogoria
17%
zachodniopomorskie Borne Sulinowo
17%
podlaskie Brańsk
17%
podkarpackie Brzostek
17%
wielkopolskie Budzyń
17%
zachodniopomorskie Barwice
13%
łódzkie Białaczów
13%
zachodniopomorskie Biały Bór
13%
mazowieckie Błonie
13%
zachodniopomorskie Bobolice
13%
łódzkie Bolimów
13%
wielkopolskie Borek Wielkopolski
13%
opolskie Branice
13%
mazowieckie Brok
13%
Nie znaleziono quizów pasujących do podanych kryteriów
Rozkład punktacji
Procent ludzi z każdym wynikiem
Percentyl według liczby udzielonych odpowiedzi
Twoja historia wyników
Nie rozwiązałeś tego quizu od ostatniego zresetowania